Statistics for Most Popular J Names Quiz

Click here to take the quiz!

General Stats

  • This quiz has been taken 123,050 times
    (28,871 since last reset)
  • The average score is 12 of 28

Answer Stats

# Clue Name % Correct
9,952BaptistJohn
97%
14,776British kingJames
92%
5,089No Way!Jose
73%
10,823DreamcoatJoseph
70%
2,492Beatles songJude
65%
3,542TrudeauJustin
65%
3,310Beatles songJulia
55%
14,416PatriarchJacob
52%
11,210$20Jackson
50%
4,851ArgoJason
48%
3,065Hey Zeus!Jesus
46%
6,702NationJordan
45%
9,138JerichoJoshua
44%
6,546BullfrogJeremiah
44%
2,685GreenJade
44%
3,331HispanicJuan
41%
2,119Pearl JamJeremy
38%
2,625TeaJasmine
36%
2,749WhaleJonah
36%
2,346OutlawJesse
33%
8,333CalendarJulian
32%
10,452Modern nameJayden
18%
1,885Canadian parkJasper
16%
3,259WhiskeyJameson
15%
6,928West WingJosiah
14%
2,410Minor prophetJoel
13%
2,766BakerJosephine
12%
2,088EldersJocelyn
5%

Score Distribution

Percentile by Number Answered

Percent of People with Each Score

Your Score History

You have not taken this quiz since the last reset